Mária Imrichová: Logonymá v systéme slovenčiny. Prešov: PU v Prešove FHPV 2002. 142 s.

Bibliographic Details
Main Author: Tkačíková, Anna (Author)
Format: Article
Language:Slovak
PhysicalDescription:Fotogr.
ISBN:8080683263
Subjects:

MARC

LEADER 00000nab a2200000 ar4500
001 vtls009524706
003 SK-MaSNL
005 20260303190843.0
008 090611c2004 xo ||||||o |||| b|slo
015 |a SNBRA2009/06  |2 snkbucl 
038 |a SNKBUCL 
040 |a SNKBUCL  |b slo  |c SNKBUCL  |e AACR2 
041 0 |a slo 
044 |a xo  |c SK 
080 |a 811.162.4'373.2  |x (048)  |2 2001 
080 |a 81'373.2:811.162.4  |x (048)  |2 2001 
100 1 |a Tkačíková, Anna  |4 aut  |9 1219638 
245 1 0 |a Mária Imrichová: Logonymá v systéme slovenčiny. Prešov: PU v Prešove FHPV 2002. 142 s.  |c Tkačíková, Anna 
300 |b Fotogr. 
650 0 7 |a slovenčina  |2 snkbucl  |9 1350 
650 0 7 |a logonymá  |2 snkbucl  |9 23608 
650 0 7 |a monografie  |2 snkbucl  |9 256509 
655 7 |a recenzie  |2 snkbucl  |9 21907 
773 0 |t Studia philologica. Annus XII  |d Prešov : Fakulta humanitných a prírodných vied Prešovskej univerzity, 2004  |g S. 216-217  |z 8080683263 
787 0 8 |i Rec.:  |a Imrichová, Mária  |t Logonymá v systéme slovenčiny  |d Prešov : Prešovská univerzita, 2002  |z 8080681112 
852 |a SNK  |b KIS3GCP 
958 |a RC 
999 |c 2138280  |d 2140210